000
00316nam a2200121Ia 4500
008
190216s9999||||xx |||||||||||||| ||und||
100
_a
Brijilal And Subrahmanyam N-Brij Lal
245
0
_a
Numerical Examples In Physics
260
_b
S Chand & Co
_c
1986
300
_a
606p
650
_a
Numerical Physics
942
_c
BK
999
_c
33080
_d
33080